000 00263nam a22001097a 4500
008 170124b xxu||||| |||| 00| 0 eng d
020 _a9781609136192
041 _aeng
080 _a618.2
245 _aNURSING 2012 DRUG HANDBOOK
_cLIPPINCOTT, J.B
942 _2udc
_cBK
999 _c3506
_d3506